Making interior models = Interia mokei seisaku /

Bibliographic Details
Main Author: Kurabayashi, Susumu
Format: Book
Language:English
Japanese
Published: Tokyo : Graphic-sha Pub. Co., 1994.
Subjects:

MARC

Tag First Indicator Second Indicator Subfields
LEADER 00000cam a2200000 a 4500
001 in00001222607
005 20151003052921.0
008 950130s1994 ja a f 000 0 eng d
020 |a 4766107985 
035 |a (OCoLC)31904320 
035 |9 AGR7518AM 
040 |a UMC  |c UMC  |d UtOrBLW 
041 0 |a eng  |a jpn 
049 |a TXAM 
090 |a NA2790  |b .K8713 1994 
100 1 |a Kurabayashi, Susumu. 
245 1 0 |a Making interior models =  |b Interia mokei seisaku /  |c Susumu Kurabayashi. 
246 3 1 |a Interia mokei seisaku  
264 1 |a Tokyo :  |b Graphic-sha Pub. Co.,  |c 1994. 
300 |a 143 pages :  |b chiefly color illustrations ;  |c 30 cm. 
336 |a text  |b txt  |2 rdacontent 
337 |a unmediated  |b n  |2 rdamedia 
338 |a volume  |b nc  |2 rdacarrier 
500 |a Descriptive text accompanying illustrations in Japanese and English. 
650 0 |a Architectural models  |x Handbooks, manuals, etc. 
650 0 |a Miniature furniture  |x Handbooks, manuals, etc. 
650 0 |a Models and modelmaking  |x Handbooks, manuals, etc. 
740 0 |a Interia mokei seisaku. 
999 |a MARS 
999 f f |s 378e3aaa-82c8-3935-a330-1b1a05162e77  |i fd642864-4873-3e10-8c93-b62611ec4d2f  |t 0 
952 f f |p normal  |a Texas A&M University  |b College Station  |c Sterling C. Evans Library  |d Evans: Library Stacks  |t 0  |e NA2790 .K8713 1994  |h Library of Congress classification  |i unmediated -- volume  |m A14819111873 
998 f f |a NA2790 .K8713 1994  |t 0  |l Evans: Library Stacks